[Event "OBEM 2016"]
[Site "Germany , Bremen"]
[Date "2016.03.24"]
[Round "7.1"]
[White "Steingraeber, Kai Uwe"]
[Black "Jugelt, Tobias"]
[Result "0-1"]
[WhiteElo "2147"]
[BlackElo "2427"]
[PlyCount "52"]

1. e4 b6 2. c4 c5 3. Nc3 g6 4. Nge2 Bg7 5. g3 Nc6 6. Bg2 e6 7. O-O Nge7 8. d3
d6 9. Be3 a6 10. d4 e5 11. dxe5 dxe5 12. Nd5 Nxd5 13. cxd5 Nd4 14. b4 Bd7 15.
bxc5 bxc5 16. Nc3 Qa5 17. Rc1 O-O 18. h4 h5 19. Kh2 Rab8 20. f3 Rb2 21. Qe1
Rfb8 22. Rf2 Qa3 23. Rb1 Rxb1 24. Nxb1 Qd3 25. Bxd4 Rxb1 26. Qa5 Qxd4 0-1

[Event "OBEM 2016"]
[Site "Germany , Bremen"]
[Date "2016.03.24"]
[Round "7.2"]
[White "Boehning, Kilian"]
[Black "Peters, Frank"]
[Result "1-0"]
[WhiteElo "2141"]
[BlackElo "2133"]
[PlyCount "103"]

1. d4 g6 2. e4 Bg7 3. Nc3 c6 4. Be3 d5 5. e5 Nh6 6. Qd2 Nf5 7. Bf4 h5 8. Nf3 a5
9. O-O-O Na6 10. Ng5 Nc7 11. Be2 Ne6 12. Nxe6 Bxe6 13. h3 h4 14. g4 hxg3 15.
fxg3 g5 16. Bxg5 Nxg3 17. Rhg1 Nxe2+ 18. Qxe2 Rxh3 19. Bf4 Bf8 20. Rg8 Qc7 21.
Qg2 O-O-O 22. Rh1 Rxh1+ 23. Qxh1 f5 24. Rxf8 Rxf8 25. Qh6 Rd8 26. Qxe6+ Qd7 27.
Qxd7+ Kxd7 28. Na4 Rg8 29. Kd2 e6 30. Nc5+ Ke7 31. Nxb7 Rb8 32. Nc5 Rxb2 33. a4
Rb8 34. Kd3 Rh8 35. Nb3 Rh3+ 36. Kd2 Kd7 37. Nxa5 Rf3 38. Bh6 Rf2+ 39. Kd1 f4
40. Nb3 f3 41. Nc5+ Kc8 42. Be3 Re2 43. Bf4 Rxc2 44. Ke1 Ra2 45. Kf1 Kb8 46.
Nxe6 Rxa4 47. Nc5 Kc8 48. e6 Kd8 49. Bg5+ Ke8 50. Nb7 Ra7 51. Nd6+ Kf8 52. Nc8
1-0

[Event "OBEM 2016"]
[Site "Germany , Bremen"]
[Date "2016.03.24"]
[Round "7.3"]
[White "Margraf, Daniel"]
[Black "Mueller, Wolfgang"]
[Result "1-0"]
[WhiteElo "2219"]
[BlackElo "2018"]
[PlyCount "39"]

1. e4 e6 2. d4 d5 3. Nd2 a6 4. Bd3 c5 5. exd5 exd5 6. Ngf3 c4 7. Be2 Nc6 8. O-O
Bf5 9. Re1 Be7 10. Nf1 Nf6 11. Ne3 Be6 12. c3 O-O 13. Qc2 Qc8 14. Ng5 b5 15.
Bf3 Bd6 16. Bxd5 Bxh2+ 17. Kxh2 Bxd5 18. Nxd5 Ng4+ 19. Kg1 f5 20. Bf4 1-0

[Event "OBEM 2016"]
[Site "Germany , Bremen"]
[Date "2016.03.24"]
[Round "7.4"]
[White "Balazs, Balint"]
[Black "Kardoeus, David"]
[Result "0-1"]
[WhiteElo "2101"]
[BlackElo "2110"]
[PlyCount "78"]

1. d4 Nc6 2. d5 Ne5 3. f4 Ng6 4. e4 e6 5. dxe6 fxe6 6. Nf3 Bb4+ 7. c3 Bc5 8.
Bd3 Nf6 9. Qe2 Ne7 10. b4 Bb6 11. c4 d6 12. Bb2 O-O 13. e5 Ng4 14. c5 dxc5 15.
h3 Nh6 16. Qe4 Ng6 17. g3 Bd7 18. b5 c6 19. Ng5 Qe8 20. h4 cxb5 21. Qe2 Bc6 22.
Rh3 c4 23. Bc2 Rd8 24. h5 Nxf4 25. gxf4 Rxf4 26. Bxh7+ Kh8 27. Nd2 Rf2 28. Bg6
Rxe2+ 29. Kxe2 Rxd2+ 30. Kxd2 Qd8+ 31. Ke2 Qxg5 32. Rf1 Qg2+ 33. Ke1 Qxh3 34.
Rf8+ Ng8 35. Bc1 Bc5 36. Ra8 Bb4+ 37. Kd1 Qf1+ 38. Kc2 Qe2+ 39. Kb1 Be4+ 0-1

[Event "OBEM 2016"]
[Site "Germany , Bremen"]
[Date "2016.03.24"]
[Round "7.5"]
[White "Pienski, Olaf"]
[Black "Sawadkuhi, Massoud Armin"]
[Result "0-1"]
[WhiteElo "2167"]
[BlackElo "2149"]
[PlyCount "90"]

1. e4 c5 2. Nf3 Nc6 3. d4 cxd4 4. Nxd4 Nf6 5. Nc3 e5 6. Ndb5 d6 7. Bg5 a6 8.
Na3 b5 9. Nd5 Be7 10. Bxf6 Bxf6 11. c3 O-O 12. Nc2 Rb8 13. g3 Bg5 14. Bg2 Ne7
15. Ncb4 Bb7 16. O-O Nc8 17. Qe2 a5 18. Nc2 Bxd5 19. exd5 b4 20. cxb4 axb4 21.
h4 Bf6 22. Ne3 g6 23. Rac1 Bg7 24. h5 f5 25. hxg6 hxg6 26. Nc4 Na7 27. Rfd1 Re8
28. g4 Nb5 29. gxf5 gxf5 30. Qh5 Rf8 31. Bh3 Qe8 32. Qxe8 Rbxe8 33. Ne3 Nd4 34.
Rc4 Rb8 35. b3 Rf6 36. Kf1 Rh6 37. Bg2 f4 38. Rcxd4 exd4 39. Nf5 Rf6 40. Nxd4
Ra8 41. Rd2 Rf7 42. Nc6 Bc3 43. Rc2 f3 44. Bh3 Kh8 45. Be6 Rg7 0-1

[Event "OBEM 2016"]
[Site "Germany , Bremen"]
[Date "2016.03.24"]
[Round "7.6"]
[White "Pautz, Peter"]
[Black "Ditmas, Hugh"]
[Result "1/2-1/2"]
[WhiteElo "2066"]
[BlackElo "1933"]
[PlyCount "114"]

1. Nf3 Nf6 2. d4 e6 3. g3 d5 4. Bg2 Be7 5. O-O O-O 6. c4 dxc4 7. Qc2 a6 8. a4
Bd7 9. Ne5 Bc6 10. Nxc6 Nxc6 11. Bxc6 bxc6 12. Qxc4 Qd5 13. Nd2 Rfd8 14. e3 c5
15. Qxd5 Nxd5 16. dxc5 Bxc5 17. Nc4 Nb4 18. Bd2 f6 19. Bc3 Rd3 20. Rfd1 Rad8
21. Rxd3 Rxd3 22. Kf1 Kf7 23. Ke2 Rd7 24. Rd1 Rxd1 25. Kxd1 Nd5 26. Ba5 Bb4 27.
Bxb4 Nxb4 28. Kd2 Ke7 29. Kc3 Nd5+ 30. Kd4 Nb4 31. f4 Kd7 32. e4 Kc6 33. Ne3
Kb6 34. Kc4 Nc6 35. b4 Ne7 36. f5 exf5 37. exf5 Kc6 38. g4 Kd6 39. b5 axb5+ 40.
Kxb5 Nc8 41. a5 c6+ 42. Ka6 Kc7 43. h4 Ne7 44. g5 Ng8 45. Ng4 Ne7 46. gxf6 gxf6
47. Nxf6 Nxf5 48. Nxh7 Nxh4 49. Nf6 Nf5 50. Ne8+ Kb8 51. Kb6 Ne7 52. Ng7 c5 53.
Kxc5 Ka7 54. Kb5 Nd5 55. Ne6 Nc3+ 56. Kc4 Ka6 57. Kxc3 Kxa5 1/2-1/2

[Event "OBEM 2016"]
[Site "Germany , Bremen"]
[Date "2016.03.24"]
[Round "7.7"]
[White "Stieglitz, Dirk"]
[Black "Kastens, Elmar"]
[Result "0-1"]
[WhiteElo "2064"]
[BlackElo "1905"]
[PlyCount "170"]

1. c4 Nf6 2. Nc3 e5 3. g3 Bb4 4. Bg2 O-O 5. e4 Bxc3 6. bxc3 d6 7. Rb1 Nc6 8. d3
Rb8 9. Ne2 h6 10. h3 Nh7 11. O-O f5 12. exf5 Bxf5 13. Kh2 Qd7 14. Ng1 Nd8 15.
Rb2 Ne6 16. d4 exd4 17. cxd4 Nf6 18. Re1 c6 19. g4 Bh7 20. f4 Rbe8 21. f5 Nd8
22. Bf4 Kh8 23. c5 dxc5 24. dxc5 Rxe1 25. Qxe1 Bg8 26. Nf3 Re8 27. Qh4 Ne4 28.
Re2 Nf7 29. Qe1 Nf6 30. Nh4 Rxe2 31. Ng6+ Kh7 32. Nf8+ Kh8 33. Qxe2 Qd4 34.
Ng6+ Kh7 35. Nf8+ Kh8 36. Ne6 Qd7 37. h4 Nd5 38. Bd2 Nd8 39. Nf8 Qc7+ 40. Kh1
Qg3 41. Ng6+ Kh7 42. g5 Bf7 43. gxh6 Nf6 44. Bf4 Qc3 45. hxg7 Bc4 46. Qe7 Nf7
47. Bg5 Ng4 48. g8=Q+ Kxg8 49. Qe8+ Kh7 50. Nf8+ Kg7 51. f6+ Nxf6 52. Bxf6+
Qxf6 53. Nd7 Qxh4+ 54. Kg1 {(=)} Qd8 55. Qxd8 Nxd8 56. a3 Bd5 57. Bh3 Ne6 58.
Bxe6 Bxe6 59. Ne5 Kf6 60. Nd3 Kf5 61. Kf2 Ke4 62. Nb2 Kd4 63. Ke2 Bc4+ 64. Kd2
Kxc5 65. Kc3 Bf1 66. Nd1 b5 67. Ne3 Bh3 68. Nc2 a5 69. Ne1 Bf5 70. Nf3 b4+ 71.
Kb2 Kc4 72. Ne5+ Kd5 73. Nf3 c5 74. Kb3 Bg4 75. Nd2 Bd1+ 76. Kb2 c4 77. Kc1 Bh5
78. Kc2 Kd4 79. Nf1 b3+ 80. Kb2 a4 81. Ng3 c3+ 82. Ka1 Bg4 83. Nf5+ Kd3 84. Nd6
Bd1 85. Kb1 Bc2+ 0-1

[Event "OBEM 2016"]
[Site "Germany , Bremen"]
[Date "2016.03.24"]
[Round "7.8"]
[White "Buescher, Andre"]
[Black "Erofeev, Anastasia"]
[Result "1-0"]
[WhiteElo "2059"]
[BlackElo "1947"]
[PlyCount "61"]

1. e4 e5 2. Nf3 Nc6 3. Bb5 a6 4. Ba4 Nf6 5. O-O Be7 6. Re1 b5 7. Bb3 O-O 8. a3
d6 9. h3 Bb7 10. d3 h6 11. Nbd2 Re8 12. Nf1 Bf8 13. Ne3 Ne7 14. c3 c5 15. Nh4
Qc8 16. Qf3 c4 17. Bc2 cxd3 18. Bxd3 Kh8 19. c4 Qc6 20. Nd5 bxc4 21. Nxf6 gxf6
22. Bc2 Ng8 23. Nf5 Bc8 24. Re3 Be6 25. Qh5 Bxf5 26. exf5 Qd7 27. Rg3 d5 28.
Bd2 e4 29. Bb4 Re5 30. Qg4 Qxf5 31. Qxg8# 1-0

[Event "OBEM 2016"]
[Site "Germany , Bremen"]
[Date "2016.03.24"]
[Round "7.9"]
[White "Beinke, Lukas"]
[Black "Meyer, Irmin"]
[Result "1/2-1/2"]
[WhiteElo "1886"]
[BlackElo "1993"]
[PlyCount "30"]

1. d4 Nf6 2. Nf3 e6 3. Bf4 c5 4. e3 Nc6 5. Nbd2 Be7 6. c3 b6 7. Bd3 Nh5 8. Bg3
Bb7 9. O-O Nxg3 10. hxg3 O-O 11. Rc1 g6 12. Qe2 Bf6 13. a3 d5 14. Rfd1 Qe7 15.
Ba6 Rac8 1/2-1/2

[Event "OBEM 2016"]
[Site "Germany , Bremen"]
[Date "2016.03.24"]
[Round "7.10"]
[White "Issing, Peter"]
[Black "Hochhuth, Arnd"]
[Result "0-1"]
[WhiteElo "2199"]
[BlackElo "1882"]
[PlyCount "120"]

1. d4 Nf6 2. c4 e6 3. Nc3 Bb4 4. Qc2 c5 5. dxc5 Na6 6. a3 Bxc3+ 7. Qxc3 Nxc5 8.
f3 O-O 9. b4 Na4 10. Qb3 Nb6 11. c5 Nbd5 12. Nh3 b6 13. e4 Ne7 14. cxb6 axb6
15. Bb2 d5 16. e5 Nd7 17. Bd3 Ng6 18. Bxg6 Qh4+ 19. Nf2 fxg6 20. O-O Ba6 21.
Rfe1 Bc4 22. Qe3 b5 23. Nh3 h6 24. Rad1 g5 25. Rd4 Qh5 26. Nf2 Qg6 27. Rd2 Rf4
28. Kh1 Raf8 29. Nh3 R4f5 30. Bd4 g4 31. Ng1 h5 32. Rdd1 R8f7 33. fxg4 hxg4 34.
Ne2 Nf8 35. Ng3 Rf4 36. Bb2 Nh7 37. Bc1 Rf2 38. Qb6 Nf8 39. Be3 Ra2 40. Ra1
Rxa1 41. Rxa1 Kh7 42. Qd8 Nd7 43. a4 bxa4 44. Rxa4 Qb1+ 45. Bg1 Qe1 46. Qh4+
Kg8 47. Qxg4 Qxe5 48. h3 Rf4 49. Ra8+ Kh7 50. Qh5+ Qxh5 51. Nxh5 Rh4 52. Ra7
Bb5 53. Rb7 Bc6 54. Rc7 Bb5 55. g4 Rxh3+ 56. Kg2 Rb3 57. Bc5 e5 58. Ng3 Kg8 59.
Rb7 Nxc5 60. bxc5 Bf1+ 0-1

[Event "OBEM 2016"]
[Site "Germany , Bremen"]
[Date "2016.03.24"]
[Round "7.11"]
[White "Kuenitz, Bernhard"]
[Black "Lorenzen, Bjoern"]
[Result "1-0"]
[WhiteElo "1877"]
[BlackElo "2030"]
[PlyCount "119"]

1. c4 c6 2. Nc3 d5 3. cxd5 cxd5 4. d4 Nf6 5. g3 Nc6 6. Bg2 Bf5 7. Nf3 e6 8. a3
Bd6 9. O-O h6 10. Nb5 Bb8 11. e3 O-O 12. Nc3 Bd6 13. b4 Rc8 14. Bb2 Ne4 15.
Nxe4 Bxe4 16. Rc1 Qb6 17. Qe2 a6 18. Rc3 f6 19. Bh3 Rce8 20. Rfc1 Bxf3 21. Qxf3
a5 22. Rb1 axb4 23. axb4 Qxb4 24. Qd1 Qa5 25. Rb3 b5 26. Ra1 Qb6 27. Qe2 Na7
28. Bc3 Rf7 29. e4 dxe4 30. Qxe4 f5 31. Qe2 Qb8 32. Qa2 Kf8 33. Bg2 e5 34. dxe5
Bxe5 35. Bb4+ Bd6 36. Qa3 Bxb4 37. Qxb4+ Ree7 38. Re1 Ke8 39. Rbe3 Qc7 40. Bd5
Rxe3 41. Bxf7+ Kxf7 42. Rxe3 Qd7 43. Qb3+ Kf6 44. Rd3 Qe6 45. Qd1 Nc8 46. Re3
Qd6 47. Qc1 Qd7 48. Qc3+ Kf7 49. Qb3+ Kf6 50. Rd3 Nd6 51. Qb2+ Kg6 52. Qb3 Kf6
53. Qd5 Ke7 54. Qe5+ Qe6 55. Qxg7+ Ke8 56. Re3 Ne4 57. f3 Qb6 58. Qc3 b4 59.
Qd3 b3 60. Qxb3 1-0

[Event "OBEM 2016"]
[Site "Germany , Bremen"]
[Date "2016.03.24"]
[Round "7.12"]
[White "Rosin, Julius"]
[Black "Traetmar, Mattis"]
[Result "1-0"]
[WhiteElo "1996"]
[BlackElo "1848"]
[PlyCount "67"]

1. d4 Nf6 2. Nf3 g6 3. Bf4 Bg7 4. Nbd2 Nh5 5. Be5 f6 6. Bg3 Nxg3 7. hxg3 e5 8.
dxe5 fxe5 9. e4 d6 10. Bc4 Qf6 11. c3 Nd7 12. Qe2 Nb6 13. Bb3 a5 14. Nc4 Nd7
15. Ne3 Nb6 16. a4 Bd7 17. Nd2 h5 18. Ndc4 Nxc4 19. Nd5 Qd8 20. Qxc4 Bc6 21.
Nb6 d5 22. exd5 cxb6 23. dxc6 Qc7 24. Qe6+ Kf8 25. Rd1 Re8 26. Rd7 Rxe6 27.
Rxc7 Rxc6 28. Rxb7 Rh7 29. Ke2 Rd6 30. Rh4 Rc6 31. Re4 g5 32. Re3 Rd6 33. Rf3+
Ke8 34. Rff7 1-0

[Event "OBEM 2016"]
[Site "Germany , Bremen"]
[Date "2016.03.24"]
[Round "7.13"]
[White "Klemm, Robert"]
[Black "Buhrdorf, Axel"]
[Result "0-1"]
[WhiteElo "1852"]
[BlackElo "1974"]
[PlyCount "76"]

1. d4 d5 2. Nf3 g6 3. c4 Bg7 4. cxd5 Nf6 5. Bf4 Nxd5 {(=)} 6. Bg3 c5 7. Qd2
cxd4 8. Nxd4 e5 9. Nb3 O-O 10. e4 Nb6 11. Qe3 Be6 12. Nc5 Qe7 13. Nxe6 Qxe6 14.
Be2 Nc6 15. h3 Nd4 16. Bd1 Nc4 17. Qc1 Rac8 18. Nc3 Nd6 19. Qb1 Qc4 20. Nd5
Rfe8 21. Ne3 Qb4+ 22. Kf1 f5 23. Nd5 Qc4+ 24. Kg1 Nxe4 {(=)} 25. Ne3 Qb5 26. a4
Qc6 27. Bh2 Red8 28. f3 Nc5 29. Kf2 Ndb3 30. Ra3 Rd2+ 31. Ke1 Rxb2 32. Bxb3+
Kh8 33. Qd1 Nxb3 34. Rxb3 Rxb3 35. Qxb3 Qc1+ 36. Nd1 Rd8 37. Kf2 Rd2+ 38. Kg3
f4+ 0-1

[Event "OBEM 2016"]
[Site "Germany , Bremen"]
[Date "2016.03.24"]
[Round "7.14"]
[White "Jung, Gerald"]
[Black "Sommer, Andreas"]
[Result "1-0"]
[WhiteElo "1929"]
[BlackElo "1821"]
[PlyCount "43"]

1. Nc3 d5 2. e4 d4 3. Nce2 c5 4. Ng3 e5 5. Bc4 Nf6 6. Nf3 Bd6 7. O-O O-O 8. h3
Nc6 9. a3 a6 10. d3 b5 11. Ba2 h6 12. Nh4 Ne7 13. f4 exf4 14. Bxf4 Bxf4 15.
Rxf4 Qd6 16. Qf3 Be6 17. Rxf6 gxf6 18. Nh5 Ng6 19. Qxf6 Qe5 20. Nxg6 Qxf6 21.
Nxf6+ Kg7 22. Nxf8 1-0

[Event "OBEM 2016"]
[Site "Germany , Bremen"]
[Date "2016.03.24"]
[Round "7.15"]
[White "Schwenke, Stefan"]
[Black "Heldt, Nils-Lennart"]
[Result "0-1"]
[WhiteElo "1714"]
[BlackElo "1928"]
[PlyCount "114"]

1. e4 e5 2. Nf3 Nc6 3. Nc3 Nf6 4. b3 Bc5 5. Be2 Bd4 6. Bb2 Nxe4 7. Nxd4 Nxc3 8.
dxc3 exd4 9. cxd4 d5 10. Qd2 Be6 11. O-O-O {(=)} O-O 12. Qf4 a5 13. a4 Na7 14.
Rd3 b5 15. axb5 Nxb5 16. Rg3 Nd6 17. Bd3 g6 18. Re1 a4 19. bxa4 Rxa4 20. Re5
Qe7 21. Rge3 Qd7 22. Qf6 Ne8 23. Qf4 {(=)} Ng7 24. Qf6 Rb8 25. h4 Ra2 26. Bc3
Qc6 27. Kd2 Ra3 28. Be2 Ne8 29. Qf4 Nd6 30. h5 Ne4+ 31. R5xe4 dxe4 32. Qe5 Bd5
33. hxg6 fxg6 34. Qe7 Qd6 35. Qxd6 cxd6 36. f3 exf3 37. Bxf3 Bxf3 38. Rxf3 Rc8
39. Bb4 Rxf3 40. gxf3 Rc4 41. c3 d5 42. Ke3 Kf7 43. Kf4 Kf6 44. Ba5 Rc8 45. Kg4
h5+ 46. Kh4 Kf5 47. Kg3 g5 48. Bb4 h4+ 49. Kf2 Rc6 50. Ke3 h3 51. Kf2 Kf4 52.
c4 Rxc4 53. Bd6+ Kf5 54. Kg3 Rxd4 55. Kxh3 Rd2 56. Kg3 d4 57. Bb4 Rb2 0-1

[Event "OBEM 2016"]
[Site "Germany , Bremen"]
[Date "2016.03.24"]
[Round "7.16"]
[White "Rieping, Heiner"]
[Black "Nancheva, Doroteya"]
[Result "1-0"]
[WhiteElo "1922"]
[BlackElo "1796"]
[PlyCount "37"]

1. e4 e5 2. Bc4 Nf6 3. d3 d5 4. exd5 Nxd5 5. Nf3 Nc6 6. O-O Bc5 7. Nc3 Be6 8.
Bb5 Nxc3 9. bxc3 Qd6 10. Qe2 f6 11. d4 exd4 12. cxd4 Bb4 13. d5 Qxd5 14. Rd1
Qf5 15. Nd4 Qe5 16. Qxe5 fxe5 17. Nxe6 Ke7 18. Nxc7 Rad8 19. Bg5+ 1-0

[Event "OBEM 2016"]
[Site "Germany , Bremen"]
[Date "2016.03.24"]
[Round "7.17"]
[White "Brinkmann, Fabian"]
[Black "Niefuend, Michael"]
[Result "1-0"]
[WhiteElo "2154"]
[BlackElo "1795"]
[PlyCount "39"]

1. Nf3 c5 2. e4 g6 3. c4 Nc6 4. d4 cxd4 5. Nxd4 Bg7 6. Be3 Nf6 7. Nc3 Ng4 8.
Qxg4 Nxd4 9. Qd1 Ne6 10. Qd2 b6 11. f4 Bb7 12. f5 Nc5 13. Bd4 f6 14. Qc2 gxf5
15. exf5 Bh6 16. Qe2 Kf8 17. Qh5 Kg7 18. Rg1 Qe8 19. Qh4 Bg5 20. Qxg5+ 1-0

[Event "OBEM 2016"]
[Site "Germany , Bremen"]
[Date "2016.03.24"]
[Round "7.18"]
[White "Hoffer, Hayo"]
[Black "Meyer, Thorsten"]
[Result "1/2-1/2"]
[WhiteElo "1847"]
[BlackElo "1982"]
[PlyCount "55"]

1. d4 Nf6 2. Nf3 d6 3. Bg5 Nbd7 4. Nbd2 c6 5. c3 Qc7 6. e3 g6 7. Bd3 Bg7 8. O-O
O-O 9. Re1 Re8 10. Qb3 e5 11. e4 h6 12. Bh4 g5 13. Bg3 Nh5 14. Bc4 Nf8 15. d5
c5 16. Bb5 Re7 17. Nf1 f5 18. exf5 Rf7 19. Ne3 Nf4 20. Qc2 a6 21. Bd3 Nxd3 22.
Qxd3 Bd7 23. Rad1 Rd8 24. c4 Qc8 25. Nd2 Bxf5 26. Nxf5 Qxf5 27. Qxf5 Rxf5 28.
Ne4 1/2-1/2

[Event "OBEM 2016"]
[Site "Germany , Bremen"]
[Date "2016.03.24"]
[Round "7.19"]
[White "Sausmikat, Armin"]
[Black "Sinnhoefer, Jonas"]
[Result "0-1"]
[WhiteElo "1879"]
[BlackElo "1690"]
[PlyCount "108"]

1. e4 d5 2. exd5 Qxd5 3. Nc3 Qa5 4. d4 Nf6 5. Nf3 Nc6 6. d5 Nb4 7. Bc4 Bg4 8.
Bb3 O-O-O 9. Bd2 Qa6 10. h3 Bh5 11. g4 Bg6 12. Bg5 Nbxd5 13. Nxd5 Nxd5 14. Bxd5
Qa5+ 15. b4 Qxd5 16. Qxd5 Rxd5 17. c4 Rd8 18. O-O f6 19. Be3 e5 20. c5 Be4 21.
Nd2 Bd5 22. Rfc1 g5 23. Kf1 h5 24. Ke2 Bg2 25. Rg1 Bc6 26. a4 hxg4 27. hxg4 Bd5
28. b5 c6 29. bxc6 bxc6 30. Rab1 Kc7 31. a5 Be6 32. Rb4 Bc8 33. Ne4 Be7 34. f3
Rh6 35. Rgb1 Ba6+ 36. Kf2 Rh2+ 37. Kg3 Re2 38. Bf2 Ra2 39. Be1 Rh8 40. R4b2
Rxb2 41. Rxb2 Bf1 42. Rh2 Rxh2 43. Kxh2 Bd3 44. Bb4 Bxe4 45. fxe4 Kb7 46. Kg2
Ka6 47. Kf3 Kb5 48. Be1 Bxc5 49. Ke2 Bb4 50. Bf2 c5 51. Kd3 Bxa5 52. Kc2 Kc4
53. Be3 Bb4 54. Bf2 a5 0-1

[Event "OBEM 2016"]
[Site "Germany , Bremen"]
[Date "2016.03.24"]
[Round "7.20"]
[White "Gebur, Thomas"]
[Black "Bilau, Max"]
[Result "1/2-1/2"]
[WhiteElo "1859"]
[BlackElo "1511"]
[PlyCount "75"]

1. e4 e6 2. d4 d5 3. Nc3 Nf6 4. e5 Nfd7 5. f4 c5 6. Nf3 Nc6 7. Be3 Qb6 8. Na4
Qa5+ 9. c3 cxd4 10. Nxd4 Nxd4 11. Bxd4 b5 12. b4 Qxa4 13. Qxa4 bxa4 14. a3 a6
15. g4 Bb7 16. h4 Bc6 17. f5 Be7 18. Bg2 Bb5 19. g5 Bd8 20. f6 gxf6 21. exf6
Bb6 22. O-O-O Bxd4 23. Rxd4 Nb6 24. Re1 Kd7 25. Bh3 Rac8 26. Kc2 Bc4 27. Re3
Bb3+ 28. Kb1 Rc7 29. h5 Rg8 30. Bxe6+ fxe6 31. f7 Rh8 32. g6 hxg6 33. hxg6 Rh1+
34. Kb2 Ke7 35. Rf3 Rc8 36. g7 Rh2+ 37. Ka1 Rh1+ 38. Kb2 1/2-1/2

[Event "OBEM 2016"]
[Site "Germany , Bremen"]
[Date "2016.03.24"]
[Round "7.21"]
[White "Bergmann, Reinhold"]
[Black "Ungar, Benedict"]
[Result "0-1"]
[WhiteElo "1860"]
[BlackElo "1678"]
[PlyCount "90"]

1. e4 Nc6 2. Nf3 f5 3. Nc3 fxe4 4. Nxe4 d5 5. Ng3 e5 6. d4 e4 7. Ne5 Nf6 8. Be2
Nxe5 9. dxe5 Ng8 10. Be3 Ne7 11. O-O g6 12. f4 exf3 13. Bxf3 Bg7 14. Bg5 c6 15.
Qd4 O-O 16. Qc5 Re8 17. Rae1 Qb6 18. Qxb6 axb6 19. a3 Nf5 20. Bf4 h6 21. Nxf5
Bxf5 22. Bd1 Re7 23. g4 Be4 24. c4 g5 25. Bg3 Bxe5 26. Bxe5 Rxe5 27. cxd5 cxd5
28. Rf6 Rae8 29. Rxb6 d4 30. Rxh6 Kg7 31. Rd6 d3 32. b4 Kf8 33. Rd7 R8e7 34.
Rf1+ Ke8 35. Rxe7+ Kxe7 36. Rf2 Bc6 37. Rd2 Bb5 38. Kf2 Kd6 39. Bb3 Re4 40. h3
Ke5 41. Bg8 Kd4 42. Bh7 Rf4+ 43. Ke1 Kc3 44. Ra2 d2+ 45. Rxd2 Rf1# 0-1

[Event "OBEM 2016"]
[Site "Germany , Bremen"]
[Date "2016.03.24"]
[Round "7.22"]
[White "Zimmermann, Erik"]
[Black "Boehm, Karl"]
[Result "1/2-1/2"]
[WhiteElo "1626"]
[BlackElo "1852"]
[PlyCount "63"]

1. e4 c5 2. Nc3 Nc6 3. Nf3 g6 4. Bb5 Bg7 5. Bxc6 bxc6 6. b3 d6 7. h3 Ba6 8. Bb2
Nf6 9. d3 O-O 10. O-O e5 11. Rb1 Rb8 12. Bc1 Bc8 13. Bg5 h6 14. Be3 a6 15. Qd2
Kh7 16. Nh2 Be6 17. f4 exf4 18. Rxf4 Nh5 19. Rf3 g5 20. Ne2 Be5 21. d4 cxd4 22.
Bxd4 Bxd4+ 23. Qxd4 Qb6 24. Rd1 d5 25. e5 Ng7 26. Ng4 Bxg4 27. hxg4 Ne6 28.
Qxb6 Rxb6 29. Rdf1 Kg7 30. Ng3 Rb4 31. Nf5+ Kh7 32. Ne7 1/2-1/2

[Event "OBEM 2016"]
[Site "Germany , Bremen"]
[Date "2016.03.24"]
[Round "7.23"]
[White "Kohlscheen, Jens"]
[Black "Hentrop, Malte"]
[Result "1-0"]
[WhiteElo "1620"]
[BlackElo "1847"]
[PlyCount "61"]

1. e4 e5 2. Nf3 Nc6 3. Bb5 a6 4. Ba4 Nf6 5. O-O b5 6. Bb3 Be7 7. Re1 d6 8. h3
O-O 9. c3 Na5 10. Bc2 c5 11. d4 cxd4 12. cxd4 Qc7 13. d5 Nc4 14. Nbd2 Nxd2 15.
Bxd2 Bd7 16. Rc1 Rfc8 17. Bb1 Qb7 18. Rxc8+ Rxc8 19. Bb4 Be8 20. Qd2 Nd7 21.
Rc1 Nb6 22. b3 Bd7 23. Nxe5 dxe5 24. Bxe7 Bxh3 25. Bd6 Bd7 26. Bxe5 Rxc1+ 27.
Qxc1 Nxd5 28. exd5 Qxd5 29. Bg3 Bc6 30. f3 f5 31. Bxf5 1-0

[Event "OBEM 2016"]
[Site "Germany , Bremen"]
[Date "2016.03.24"]
[Round "7.24"]
[White "Goes, Carsten"]
[Black "Gerken, Juergen"]
[Result "1-0"]
[WhiteElo "1770"]
[BlackElo "1630"]
[PlyCount "71"]

1. d4 d5 2. c4 c6 3. Nf3 Nf6 4. e3 Bf5 5. Nc3 e6 6. Nh4 Bg6 7. Qb3 Qb6 8. Nxg6
hxg6 9. c5 Qxb3 10. axb3 Nbd7 11. f4 Be7 12. Be2 O-O 13. Bd2 b6 14. b4 bxc5 15.
bxc5 Rfb8 16. Ra2 a5 17. Kd1 Bd8 18. Kc2 Rb7 19. g4 Nb8 20. g5 Ne8 21. Rha1 Na6
22. Nd1 Rba7 23. Nf2 f6 24. h4 e5 25. b4 exd4 26. exd4 Re7 27. Bd3 f5 28. bxa5
Nec7 29. Bxa6 Rxa6 30. Nd3 Nb5 31. Nb4 Nxd4+ 32. Kd3 Nb3 33. Nxa6 Nxa1 34. Rxa1
Re4 35. Re1 Ra4 36. Re8+ 1-0

[Event "OBEM 2016"]
[Site "Germany , Bremen"]
[Date "2016.03.24"]
[Round "7.25"]
[White "Zhong, Xianghui"]
[Black "Laubrock, Sophia"]
[Result "1/2-1/2"]
[WhiteElo "1765"]
[BlackElo "1550"]
[PlyCount "115"]

1. d4 Nf6 2. c4 e6 3. Nf3 Bb4+ 4. Nbd2 O-O 5. a3 Bxd2+ 6. Qxd2 d6 7. e3 Nbd7 8.
Be2 b6 9. O-O Bb7 10. b4 c5 11. Bb2 Rc8 12. Rac1 d5 13. Rfd1 Ne4 14. Qe1 Qe7
15. Ba1 Rc7 16. dxc5 dxc4 17. Rxc4 bxc5 18. Nd2 Ndf6 19. Nxe4 Nxe4 20. f3 Nf6
21. Qc3 Ba6 22. Rg4 Bxe2 23. Qxf6 Qxf6 24. Bxf6 g6 25. Re1 Bb5 26. bxc5 Rfc8
27. Bd4 Rb7 28. Rc1 Bc6 29. Rc3 Rcb8 30. Be5 Rb1+ 31. Kf2 R8b2+ 32. Kg3 Rb3 33.
Rd4 f5 34. Rd8+ Kf7 35. Rc8 Rxc3 36. Bxc3 Rb3 37. Rxc6 Rxc3 38. a4 Rxe3 39.
Rc7+ Kf6 40. Rxa7 Rc3 41. Ra5 Ke5 42. c6+ Kd6 43. Ra6 e5 44. c7+ Kxc7 45. Ra7+
Kb6 46. Rxh7 e4 47. Kf2 Rc2+ 48. Ke3 Rxg2 49. fxe4 fxe4 50. h3 Ka5 51. Rh4 Kxa4
52. Rg4 Rb2 53. Rxe4+ Kb5 54. Kf4 Rg2 55. Kf3 Rg5 56. Rg4 Rh5 57. h4 Kc5 58.
Rxg6 1/2-1/2

[Event "OBEM 2016"]
[Site "Germany , Bremen"]
[Date "2016.03.24"]
[Round "7.26"]
[White "Wundahl, Juergen"]
[Black "Kropp, Joachim"]
[Result "0-1"]
[WhiteElo "1726"]
[BlackElo "1750"]
[PlyCount "70"]

1. c4 e5 2. Nc3 Nf6 3. g3 Bb4 4. Bg2 O-O 5. e3 Re8 6. Nge2 c6 7. a3 Bf8 8. d4
d6 9. O-O e4 10. b4 d5 11. cxd5 cxd5 12. Qb3 Be6 13. Bd2 Nbd7 14. Rfc1 Nb6 15.
Rc2 Nc4 16. Be1 g5 17. Nd1 Qd7 18. Kh1 Bh3 19. Nb2 Bxg2+ 20. Kxg2 Qg4 21. Ng1
Nxb2 22. Qxb2 Rec8 23. Rac1 Rxc2 24. Rxc2 Rc8 25. h3 Qd7 26. Qc1 Rxc2 27. Qxc2
Ne8 28. Ne2 Nd6 29. a4 Nc4 30. b5 h5 31. Qb3 Qf5 32. Bb4 Qf3+ 33. Kf1 Bxb4 34.
Qxb4 Nxe3+ 35. Kg1 Qg2# 0-1

[Event "OBEM 2016"]
[Site "Germany , Bremen"]
[Date "2016.03.24"]
[Round "7.27"]
[White "Bensmann, Jannis"]
[Black "Holtermann, Klaas"]
[Result "1-0"]
[WhiteElo "1566"]
[BlackElo "1714"]
[PlyCount "65"]

1. d4 e6 2. Nc3 d5 3. Bf4 Nf6 4. f3 Be7 5. Qd2 Nbd7 6. Nb5 e5 7. dxe5 Nh5 8. e6
Nxf4 9. exf7+ Kf8 10. Qxf4 c6 11. Nc7 Nb6 12. Nxa8 Nxa8 13. e4 Bg5 14. Qb8 Nb6
15. Qxa7 Nc4 16. Bxc4 dxc4 17. Qc5+ Kxf7 18. Qxc4+ Be6 19. Qc3 Qb6 20. Nh3 Bxh3
21. gxh3 Bh4+ 22. Kd1 Rd8+ 23. Kc1 Bg5+ 24. Kb1 Qf2 25. a3 Rd2 26. Ka2 Rxc2 27.
Qb3+ Kf8 28. Raf1 Qe2 29. Re1 Qf2 30. Rhf1 Qxh2 31. f4 Be7 32. Qxb7 Bxa3 33.
Qa8+ 1-0

[Event "OBEM 2016"]
[Site "Germany , Bremen"]
[Date "2016.03.24"]
[Round "7.28"]
[White "Peine, Olaf"]
[Black "Weinitschke, Harald"]
[Result "0-1"]
[WhiteElo "1504"]
[BlackElo "1687"]
[PlyCount "120"]

1. c4 g6 2. g3 Bg7 3. Bg2 Nf6 4. Nc3 c5 5. e3 e6 6. Nge2 O-O 7. O-O d5 8. d3
Na6 9. a3 Rb8 10. Rb1 Nc7 11. b3 a6 12. Bb2 b5 13. cxb5 axb5 14. Qc2 Bb7 15.
Rfd1 d4 16. exd4 Bxg2 17. Kxg2 cxd4 18. Ne4 Rc8 19. Qd2 e5 20. Rbc1 Ncd5 21. a4
b4 22. Rxc8 Qxc8 23. Rc1 Qb7 24. Kg1 Nxe4 25. dxe4 Nc3 26. f3 Qb6 27. Kg2 Qe6
28. Bxc3 bxc3 29. Nxc3 dxc3 30. Qxc3 Rb8 31. b4 Qa2+ 32. Qc2 Qxc2+ 33. Rxc2
Rxb4 34. Ra2 Rb6 35. Kf2 Bf8 36. Ke2 Bc5 37. Kd3 Kf8 38. Kc4 Bd4 39. a5 Rb8 40.
Kd5 Ke7 41. Kc6 Kd8 42. a6 Kc8 43. Kd6 Kd8 44. Kc6 Rb6+ 45. Kd5 Rb8 46. Kc6 Ra8
47. Kb7 Ra7+ 48. Kb8 h5 49. f4 f6 50. fxe5 fxe5 51. h3 Kd7 52. g4 hxg4 53. hxg4
Kc6 54. Ra5 Kb6 55. Rd5 Rxa6 56. Kc8 Kc6 57. Kd8 Ra7 58. Ke8 g5 59. Kf8 Rh7 60.
Ra5 Rh4 0-1